Biggest Cities in Egypt - Statistics

General Stats
  • This quiz has been taken 49 times
  • The average score is 5 of 20
Answer Stats
Population City % Correct
7,771,617 Cairo
97%
4,030,582 Alexandria
94%
570,603 Port Said
71%
2,572,581 Giza
68%
512,135 Suez
65%
1,500,000 New Cairo
32%
389,307 Asyut
26%
439,348 Mansoura
26%
422,854 Tanta
26%
500,000 10th of Ramadan City
3%
619,293 Barcelona
0%
567,517 Dar El Salam
0%
442,958 El Mahalla El Kubra
0%
343,587 El Zawya El Hamraa
0%
341,321 Hadayek El Kobba
0%
1,025,569 Shobra Elkhema
0%
358,486 Shuhada
0%
692,701 Sinnuris
0%
413,584 Talkha
0%
471,166 Tima
0%
No matching quizzes found
Score Distribution
Percent of People with Each Score
Percentile by Number Answered
Your Score History
You have not taken this quiz